000 00553nam a22001937a 4500
003 OSt
005 20160303135734.0
008 160303b xxu||||| |||| 00| 0 eng d
020 _a9780340985007
040 _cDNLM
082 _aWE190 O2t 2010
100 _aedited by Briggs, Timoth; Miles Jonathan; Aston William
_97062
245 _aOperative Orthopaedics: the stanmore guide
260 _aUK; Hodder Arnold, 2010
300 _ax,314p; col.ill: 25cm
504 _aReferences & index included
650 _aOrthopaedics
_9923
942 _2z
_cO_SHELF
999 _c3158
_d3158